|
|
|
|
| LEADER |
00000cam a2200000 7i4500 |
| 001 |
0000004647 |
| 005 |
20201213093000.0 |
| 008 |
021118s1978 |
| 090 |
0 |
0 |
|a BP166.2
|b .A74
|
| 100 |
0 |
|
|a Arifin, Bey ,
|d 1911- ,
|e author
|
| 245 |
1 |
0 |
|a Mengenal Tuhan
|c Bey Arifin
|
| 260 |
2 |
|
|a Singapura :
|b Pustaka Nasional ,
|c 1978
|
| 300 |
|
|
|a 2 v. ;
|c 21 cm.
|
| 650 |
|
0 |
|a God (Islam)
|
| 999 |
|
|
|a 1000006297
|b Book
|c OPEN SHELF (30 DAYS)
|e Gong Badak Campus
|
| 999 |
|
|
|a 1000056586
|b Book
|c OPEN SHELF (30 DAYS)
|e Gong Badak Campus
|
| 999 |
|
|
|a 1000057522
|b Book
|c OPEN SHELF (30 DAYS)
|e Gong Badak Campus
|
| 999 |
|
|
|a 1000173785
|b Book
|c OPEN SHELF (30 DAYS)
|e Gong Badak Campus
|